La División de poderes: El gobierno /

保存先:
書誌詳細
第一著者: Monreal, Antoni
その他の著者: López Guerra, Luis, Blanco, Roberto L., Pérez Francesch, Joan Lluís
フォーマット: テキスト
出版事項: Barcelona: Institut de Ciències Polítiques i Socials
タグ: タグ追加
タグなし, このレコードへの初めてのタグを付けませんか!

MARC

LEADER 00000 a a2200000 04500
001 34384
003
040
090 |a 0002 M752d  
100 |a Monreal, Antoni  
245 |a La División de poderes: El gobierno /  |c Antoni Monreal 
260 |a Barcelona:   |b Institut de Ciències Polítiques i Socials  
300 |a 78 p.  
700 |a   
700 |a López Guerra, Luis  
700 |a Blanco, Roberto L.  
700 |a Pérez Francesch, Joan Lluís  
999 |c 10392  |d 10392